000 00424nam a22001697a 4500
005 20160527101012.0
008 160527b xxu||||| |||| 00| 0 eng d
020 _a81-7194-318-7
041 _aeng
082 _b5383
100 _aSinghania, Vinod K & Monica
_91348
245 _aStudents Guide to income tax
260 _aNew Delhi
_bAcademic Faundation
_c2002
300 _a1
650 _aManagement
_9241
942 _cBK
999 _c1916
_d1915